Evaluating development aid issues, problems and solutions

Na minha lista:
Detalhes bibliográficos
Autor principal: Cracknell, Basil Edward
Formato: Livro
Idioma:inglês
Publicado em: New Delhi SAGE Publications 2000
Assuntos:
Tags: Adicionar Tag
Sem tags, seja o primeiro a adicionar uma tag!

MARC

LEADER 00000nam$a2200000$$$4500
001 0047989
005 20221129082550.2
020 |a 0-7619-9404-1 
041 0 |a eng 
044 |a IN 
245 1 0 |a Evaluating development aid  |b issues, problems and solutions  |c Basil Edward Cracknell 
264 1 |a New Delhi  |b SAGE Publications  |c 2000 
300 |a 386 s. 
610 2 0 |a pomoc rozvojová 
610 2 0 |a pomoc medzinárodná 
610 2 0 |a programy rozvojové 
100 1 |a Cracknell, Basil Edward